Stranger Things Trivia #L - Statistics

General Stats
  • This quiz has been taken 36 times
  • The average score is 9 of 15
Answer Stats
Hint Answer % Correct
Will communicates with his mum with the __ Lights
100%
Ex-husband of Joyce Byers Lonnie Byers
89%
Basketball playing, wrist-rocket owning party member Lucas Sinclair
89%
Hawkins National __ was a secretive federal complex located in Hawkins Laboratory
86%
Billys occupation Lifeguard
82%
Name of the lake, where Vecna kills one of his victims Lovers Lake
61%
Where do the Byers move to at the end of Season 3? Lenora Hills
50%
Which of Dustins subjects does Suzie hack to give him a better grade? Latin
46%
What show is Alexei watching at Murrays? Looney Tunes
43%
What is "Larry"? It got stuck in Wills nose when he was a kid, and Jonathan had to use tweezers to get it out. Lego piece
39%
Vecna makes his victims __ before killing them by breaking their bones Levitate
39%
The kids make some references to this popular book series Lord of the Rings
39%
Name of Episode 7 in Season 2 Lost Sister
36%
I hid the grenades under the __ - Murray S5E1 Lettuce
32%
__ is a fictional delivery company, serving as a front for Soviet agents operating underneath Starcourt Mall. Lynx Transportation
29%
No matching quizzes found
Score Distribution
Percent of People with Each Score
Percentile by Number Answered
Your Score History
You have not taken this quiz